000
00330nam a2200145Ia 4500
005
20251222151328.0
008
251222s9999||||xx |||||||||||||| ||spa||
020
_a
8443702679
082
_a
576.8/L44
100
_a
Lenay, Charles
245
0
_a
La Evolución:
250
_a
1ra.ed
264
_b
RBA Editores, S.A.
942
_c
LIB
999
_c
23966
_d
23966